أرقام مذهلة في جسم الإنسان / (رقم التسجيلة. 147097)
[ عرض عادي ]
| 000 -LEADER | |
|---|---|
| fixed length control field | 00582nam a22001937a 4500 |
| 005 - DATE AND TIME OF LATEST TRANSACTION | |
| control field | 20251108180003.0 |
| 008 - FIXED-LENGTH DATA ELEMENTS--GENERAL INFORMATION | |
| fixed length control field | 250721s2021 xx 000 0 ara d |
| 082 14 - DEWEY DECIMAL CLASSIFICATION NUMBER | |
| Classification number | ط/612/روك |
| 100 1# - MAIN ENTRY--PERSONAL NAME | |
| Personal name | ديركي، ربيع |
| Relator term | مشرف |
| 245 10 - TITLE STATEMENT | |
| Title | أرقام مذهلة في جسم الإنسان / |
| 264 1# - PRODUCTION, PUBLICATION, DISTRIBUTION, MANUFACTURE, AND COPYRIGHT NOTICE | |
| Place of production, publication, distribution, manufacture | دمشق : |
| Name of producer, publisher, distributor, manufacturer | بيت الحكمه للطباعة، |
| Date of production, publication, distribution, manufacture, or copyright notice | 2021. |
| 300 ## - PHYSICAL DESCRIPTION | |
| Extent | 32ص. |
| 650 17 - SUBJECT ADDED ENTRY--TOPICAL TERM | |
| Topical term or geographic name as entry element | جسم الانسان |
| 650 17 - SUBJECT ADDED ENTRY--TOPICAL TERM | |
| Topical term or geographic name as entry element | الارقام |
| 653 ## - INDEX TERM--UNCONTROLLED | |
| Uncontrolled term | ناشئون صغار(10-14)سنة |
| 700 1# - ADDED ENTRY--PERSONAL NAME | |
| Personal name | روكيت، بول |
| 942 ## - ADDED ENTRY ELEMENTS (KOHA) | |
| Source of classification or shelving scheme | Dewey Decimal Classification |
| Koha item type | كتب |
| حالة السحب | حالة الفقدان | مصدر التصنيف | حالة التلف | غير قابل للإعارة | المكتبة الرئيسية | المكتبة الحالية | موقع الرف | تاريخ التزويد | الرقم المتسلسل | Total Checkouts | رقم الإستدعاء | الباركود | تاريخ آخر ظهور | تاريخ الفاتورة | نوع المادة (كوها) |
|---|---|---|---|---|---|---|---|---|---|---|---|---|---|---|---|
| Dewey Decimal Classification | المكتبة المركزية | المكتبة المركزية | الأطفال | 28/07/2025 | 1791297 | ط/612/روك | PLD00513742 | 28/07/2025 | 28/07/2025 | كتب | |||||
| Dewey Decimal Classification | مكتبة قتيبة للأطفال | مكتبة قتيبة للأطفال | الأطفال | 09/01/2025 | 1791298 | ط/612/روك | PLD00513937 | 28/07/2025 | 09/01/2025 | كتب | |||||
| Dewey Decimal Classification | مكتبة الأميرة سلمى | مكتبة الأميرة سلمى | الأطفال | 09/01/2025 | 1791299 | ط/612/روك | PLD00513938 | 28/07/2025 | 09/01/2025 | كتب |